000 004340000a22001690004500
003 MACL
005 20150707140712.0
008 150707b xxu||||| |||| 00| 0 eng d
040 _aMACL
_cMACL
041 _aEnglish
100 _aNatioal Book Trust
_91139
245 _aGandhi's India Unity In Diversity
260 _bNatioal Book Trust
_c1969
_aNew Delhi
350 _a2.25
650 _aPolitical Science
_988
942 _cBK
_k320
_2ddc
999 _c7541
_d7541